Teoría de la vanguardia
Saved in:
| Hovedforfatter: | |
|---|---|
| Format: | Bog |
| Sprog: | spansk |
| Udgivet: |
Barcelona
Península
1997
|
| Serier: | Historia, Ciencia, Sociedad, 206
|
| Fag: | |
| Tags: |
Tilføj Tag
Ingen Tags, Vær først til at tagge denne postø!
|
MARC
| LEADER | 00000nam a2200000 a 4500 | ||
|---|---|---|---|
| 001 | UCM2182 | ||
| 003 | CL-VaPUC | ||
| 008 | 020425e19970000SP |||||||||||||||||spa|d | ||
| 020 | |a 848307060X | ||
| 082 | 0 | 4 | |a 701.18 |b BUR |2 21 |
| 100 | 0 | |a Bürger, Peter |e author |9 468946 | |
| 245 | 1 | 0 | |a Teoría de la vanguardia |
| 300 | |a 189 p | ||
| 942 | |c BK | ||
| 945 | |d 20020425 00:00:00 |a vberengu | ||
| 260 | |a Barcelona |b Península |c 1997 | ||
| 650 | 0 | |a Filosofía del arte |9 264951 | |
| 650 | 0 | |a Crítica literaria |9 269189 | |
| 650 | 0 | |a Movimiento de Vanguardia |x Arte |9 266752 | |
| 650 | 0 | |a Futurismo |9 265679 | |
| 650 | 0 | |a Dadaismo |9 265495 | |
| 650 | 0 | |a Surrealismo |9 265502 | |
| 583 | |a last modification |c 20020425 00:00:00 |k Rodrigo Vera | ||
| 490 | 0 | |a Historia, Ciencia, Sociedad, 206 | |
| 999 | |c 300158 |d 300156 | ||
| 952 | |0 0 |1 0 |2 ddc |4 0 |6 701_180000000000000_BUR_1997 |7 0 |8 R |9 357522 |a BIBART |b BIBART |d 2019-11-21 |i 3811557 |l 3 |o 701.18 BUR 1997 |p 3811557 |r 2025-03-13 |s 2023-08-22 |w 2019-11-21 |y BK_R |k ART | ||